| 000 | 00382nam a22001697a 4500 | ||
|---|---|---|---|
| 003 | OSt | ||
| 005 | 20211223091806.0 | ||
| 008 | 211223b |||||||| |||| 00| 0 eng d | ||
| 020 | _a9781256780052 | ||
| 040 | _cHU | ||
| 082 | _a150 | ||
| 100 |
_aSAUNDRA K, CICCARELLI _924472 |
||
| 245 | _aPSYCHOLOGY | ||
| 260 |
_aNEW DELHI _bHALL _c2012 |
||
| 300 | _a607 | ||
| 942 |
_2ddc _cBOOKS _n0 |
||
| 999 |
_c23590 _d23590 |
||